000 00717nam a22002057a 4500
999 _c61781
_d61781
005 20240502121508.0
008 240502s2007 enk||||| |||| 00| 0 eng d
020 _a9780192630841x
041 _aeng
080 _a616.8+612 G-38
245 _aGeriatric Consultation Liaison Psychiatry /
_cEditor Pamela Melding, Brian Draper.
264 _aOxford :
_bOxford University Press,
_c2007.
300 _a220 p:
_bill.;
_c24 cm.
653 _aგერიატრია
653 _aფსიქიატრია
653 _aმედიცინა
700 _aMelding, Pamela
_eრედაქტორი
_922040
700 _aDraper, Brian
_eრედაქტორი
_922041
942 _2udc
_cᲬᲘᲒᲜᲘ